I Paesi più felici al mondo - Statistics

Statistiche generali
  • Questo quiz è stato fatto 110 volte
  • Il punteggio medio è 6 su 10
Statistiche sulle risposte
Hint Risposta % Corretto
8. Norvegia
95%
7. Svezia
93%
1. Finlandia
91%
2. Danimarca
89%
3. Islanda
71%
4. Svizzera
62%
5. Paesi Bassi
59%
6. Lussemburgo
45%
10. Nuova Zelanda
36%
9. Israele
3%
Nessun quiz corrispondente trovato
Distribuzione punteggi
Percentuale di utenti per punteggio
Percentile per numero di risposta
I tuoi punteggi nel tempo
Non hai fatto questo quiz